000 01264nam a2200373 a 4500
001 000112599
003 CHAP
005 20250131101135.0
008 160802s2003 mx a |r| |||0|||spa d
010 _a109060
011 _a110032
020 _a9688176095
040 _cCHAP
082 0 4 _a634.9
_bI61
245 0 0 _aIntroducción a la agroforestería para el desarrollo rura :
_balternativas productivas /
_cpor L. Krishnamurthy ...[et al.].
260 _aMéxico :
_bSEMARNAT. Centro de Educación y Capacitación para el Desrrollo Sustentable,
_c2003.
300 _a105 p. :
_bil.
490 1 _aAlternativas productivas
590 _aE11695DGD
_b10
_c20161018
_lUCH01
_h1428
590 _aE5765TAJ
_b05
_c20160908
_lUCH01
_h1343
590 _aE6096MTM
_b05
_c20160802
_lUCH01
_h1507
590 _aE6096MTM
_b05
_c20160803
_lUCH01
_h0949
650 1 4 _aAgroforestería.
_92156
650 1 4 _aCultivos asociados.
_930370
650 1 4 _aDesarrollo de la comunidad rural.
_931995
650 1 4 _aMedio ambiente.
_974065
650 1 4 _aSistemas agroforestales.
_9106735
650 1 4 _aSistemas de cultivo.
_9106746
700 0 _aKrishnamurthy, Laksmi Reddiar
_963939
830 0 _aAlternativas productivas
_9130989
901 _aBK
942 _cLIBRO
942 _n0
999 _c109060
_d109060